Aspectos económicos de a. del norte (monografía) /

Guardado en:
Formato: Libro
Publicado: : , 0
Materias:
Fc
Etiquetas: Agregar Etiqueta
Sin Etiquetas, Sea el primero en etiquetar este registro!
LEADER 00360nam a22001335a 4500
001 CEM.cems008373
005 20060214000000.0
008 130507b######################000#0#####d
003 CEMS
082 0 4 |a F918 
245 0 0 |a Aspectos económicos de a. del norte (monografía) / 
260 |a  :  |b , 0 
653 |a Fc 
859 |a CEMS  |b BIB. CEMS - 11 de abril  |h F918  |i 8-2  |p 1006.44  |t Ej.1